El arte en la italia del renacimiento : arquitectura, escultura, pintura, dibujo /
Guardado en:
| Autor Principal: | |
|---|---|
| Formato: | Libro |
| Publicado: |
Madrid :
Konemann,
1999
|
| Series: | Traducido Por Jose Miguel Stor
|
| Materias: | |
| Etiquetas: |
Agregar Etiqueta
Sin Etiquetas, Sea el primero en etiquetar este registro!
|
| LEADER | 00605nam a22002055a 4500 | ||
|---|---|---|---|
| 001 | EHU.bham024012 | ||
| 003 | AR-BHAM | ||
| 005 | 20090403154638.0 | ||
| 008 | 130507s1999##################000#0#####d | ||
| 082 | C | 7 | |a 709.45 |
| 100 | 1 | |a Toman, Rolf, Ed. | |
| 245 | 1 | 0 | |a El arte en la italia del renacimiento : |b arquitectura, escultura, pintura, dibujo / |c Editado Por Rolf Toman |
| 260 | |a Madrid : |b Konemann, |c 1999 | ||
| 300 | |a 462 p. | ||
| 490 | 0 | |a Traducido Por Jose Miguel Stor | |
| 500 | |a Ilustrado | ||
| 653 | |a Arte | ||
| 653 | |a Italia-arte | ||
| 653 | |a Renacimiento | ||
| 859 | |a AR-BHAM |h 709.45 |i T59 |k C |p 591.01 |t Ej.1 | ||
